000 00292nam a22001337a 4500
020 _a978-0674060470
041 _aENG
100 _aSen Amartya
245 _aThe India of Justice
260 _aNew Delhi
_bPenguin Books
_c2000
300 _a468
650 _aMarathi
856 _uMarathi ( 33 )
999 _c2244
_d2244